000 00869nam a2200265 a 4500
008
020 _a0750626666 (pbk.)
049 _aMAIN
090 _aTA332.5
_bBIR
100 1 _aBird, J.O.
245 1 0 _aMultiple choice questions in science for engineering :
_badvanced GNVQ /
_cJ.O. Bird.
260 _aOxford :
_bNewnes,
_c1996.
300 _axx, 41 p. :
_bill. ;
_c30 cm.
490 0 _aButterworth-Heinemann advanced GNVQ
650 0 _aEngineering
_xProblems, exercises, etc.
650 0 _aEngineering
_xExaminations, questions, etc.
650 0 _aPhysics
_xProblems, exercises, etc.
650 0 _aPhysics
_xExaminations, questions, etc.
653 0 _aEngineering
_aMathematics
907 _a.b10176718
_b01-09-22
_c23-09-05
003
005 20230123134336.0
040 _cNUST
942 _cBOOKS
_kTA332.5
_mBIR
999 _c164247
_d164247